000 00681nam a2200253Ia 4500
003 OSt
005 20221005075857.0
006 a|||||r|||| 00| 0
007 ta
008 221004b |||||||| |||| 00| 0 eng d
020 _a8173400024
024 _a21458
037 _cTextual
040 _aCRL
_cCRL
_beng
041 _2eng
_aeng
082 _aX8(A):8.42'N9, N3
100 _aWoronoff Jon
_9275153
245 0 _aJapanese management mystique
_b Reality behind the myth
260 _aNew Delhi
_bNeo India
_c1993
300 _a232 p.
_ccm.
650 _aECONOMICS
942 _hX8(A):8.42'N9, N3
_cTEXL
_2cc
999 _c985317
_d985317